Cobra gamble #3/ Timothy Zahn.
Available copies
- 1 of 1 copy available at LARL/NWRL Consortium. (Show)
- 1 of 1 copy available at Lake Agassiz Regional Library.
Current holds
0 current holds with 1 total copy.
Show All Copies
| Location | Call Number / Copy Notes | Barcode | Shelving Location | Status | Due Date |
|---|---|---|---|---|---|
| Crookston Public Library | SF ZAH (Text) | 33500010678381 | Main | Available | - |
Record details
- ISBN: 9781451637694 (hbk.)
- ISBN: 1451637691 (hbk.)
- Physical Description: 308 p. ; 25 cm.
- Publisher: Riverdale, NY : Baen Books ; c2012.
Content descriptions
| General Note: | "A Baen Books original"--T.p. verso. |
| Summary, etc.: | "Cobra warriors, genetically enhanced and ... Read More |
Search for related items by subject
| Subject: | Human-alien encounters > Fiction. Space warfare > Fiction. |
| Genre: | Science fiction. Science fiction. |
Search for related items by series
| LDR | 01708cam a2200373 a 4500 | ||
|---|---|---|---|
| 001 | 140117 | ||
| 003 | LARL_NWRL_CONSORTIUM | ||
| 005 | 20120313090107.0 | ||
| 008 | 111013s2012 nyu 000 1 eng | ||
| 016 | 7 | . | ‡a015885204 ‡2Uk |
| 020 | . | ‡a9781451637694 (hbk.) | |
| 020 | . | ‡a1451637691 (hbk.) | |
| 035 | . | ‡a(OCoLC)709672992 | |
| 082 | 0 | 0. | ‡a813/.54 ‡223 |
| 100 | 1 | . | ‡aZahn, Timothy. ‡0(LARL_NWRL_CONSORTIUM)80369 |
| 245 | 1 | 0. | ‡aCobra gamble ‡n#3/ ‡cTimothy Zahn. |
| 260 | . | ‡aRiverdale, NY : ‡bBaen Books ; ‡aNew York : ‡bDistributed by Simon & Schuster, ‡cc2012. | |
| 300 | . | ‡a308 p. ; ‡c25 cm. | |
| 490 | 0 | . | ‡aCobra war ; ‡vbk. 3 |
| 500 | . | ‡a"A Baen Books original"--T.p. verso. | |
| 520 | . | ‡a"Cobra warriors, genetically enhanced and implanted with an arsenal of covert weaponry, are the most dangerous guerilla fighters humanity has ever produced. For Jin Moreau Broom, the war is the culmination of a lifetime of Cobra service. But it is also the height of danger for herself and her family as they struggle to survive a war that none of them ever expected to see."--Jacket flap. | |
| 650 | 0. | ‡aHuman-alien encounters ‡vFiction. ‡0(LARL_NWRL_CONSORTIUM)165608 | |
| 650 | 0. | ‡aSpace warfare ‡vFiction. ‡0(LARL_NWRL_CONSORTIUM)167488 | |
| 655 | 0. | ‡aScience fiction. | |
| 655 | 7. | ‡aScience fiction. ‡2gsafd | |
| 901 | . | ‡a140117 ‡bOCLC ‡c140117 ‡tbiblio | |

Add to basket
Permalink
Disable Highlighting